Role of James Collins in the development of rubber plantation industry in the British India : A historical reappraisal (Record no. 51266)

MARC details
000 -LEADER
fixed length control field 00473nam a2200157Ia 4500
100 ## - MAIN ENTRY--AUTHOR NAME
Personal name Thomas K.K.
245 #0 - TITLE STATEMENT
Title Role of James Collins in the development of rubber plantation industry in the British India : A historical reappraisal
260 ## - PUBLICATION, DISTRIBUTION, ETC. (IMPRINT)
Name of publisher The Planter
Year of publication 2002
300 ## - PHYSICAL DESCRIPTION
Number of Pages 33-41
650 ## - SUBJECT ADDED ENTRY--TOPICAL TERM
Topical Term Domestication
650 ## - SUBJECT ADDED ENTRY--TOPICAL TERM
Topical Term History
650 ## - SUBJECT ADDED ENTRY--TOPICAL TERM
Topical Term James Collins
650 ## - SUBJECT ADDED ENTRY--TOPICAL TERM
Topical Term Rubber plantation industry
942 ## - ADDED ENTRY ELEMENTS (KOHA)
Koha item type Bibliography STAF
Holdings
Withdrawn status Lost status Damaged status Not for loan Home library Current library Shelving location Date acquired Serial Enumeration / chronology Koha item type
      Bibliography RRII Library RRII Library Rubber general 09/04/2014 Volume 78, Issue 910 Bibliography STAF